Next steps forward in retailing / (Record no. 61426)
[ view plain ]
| 000 -LEADER | |
|---|---|
| fixed length control field | 00919nam a2200277 a 4500 |
| 001 - CONTROL NUMBER | |
| control field | 61426 |
| 003 - CONTROL NUMBER IDENTIFIER | |
| rucl marc code | BD-RjUL |
| 005 - DATE AND TIME OF LATEST TRANSACTION | |
| control field | 20211209080949.0 |
| 008 - FIXED-LENGTH DATA ELEMENTS--GENERAL INFORMATION | |
| fixed length control field | 170117s1938 enka 000 0 eng d |
| 035 ## - SYSTEM CONTROL NUMBER | |
| System control number | (BD-RjUL)61550 |
| 040 ## - CATALOGING SOURCE | |
| Original cataloging agency | PIT |
| Transcribing agency | PIT |
| Modifying agency | BD-RjUL |
| Language of cataloging | eng |
| 041 ## - LANGUAGE CODE | |
| Language code of text/sound track or separate title | eng |
| 082 ## - DEWEY DECIMAL CLASSIFICATION NUMBER | |
| Classification number | 658.870973 |
| Author mark and year | FIN 1938 |
| 090 ## - LOCALLY ASSIGNED LC-TYPE CALL NUMBER (OCLC); LOCAL CALL NUMBER (OCLC) | |
| Classification number (OCLC) (R) ; Classification number, CALL (RLIN) (NR) | HF5429 |
| Local cutter number (OCLC) ; Book number/undivided call number, CALL (RLIN) | .F46 1938 |
| 100 1# - MAIN ENTRY--PERSONAL NAME | |
| Personal name | Filene, Edward Albert, |
| Dates associated with a name | 1860-1937. |
| 9 (RLIN) | 183114 |
| 245 10 - TITLE STATEMENT | |
| Title | Next steps forward in retailing / |
| Statement of responsibility, etc. | by Edward A. Filene; with the collaboration of Werner K. Gabler and Percy S. Brown |
| 260 ## - PUBLICATION, DISTRIBUTION, ETC. (IMPRINT) | |
| Place of publication, distribution, etc. | London : |
| Name of publisher, distributor, etc. | Sir Isaac Pitman & Sons, |
| Date of publication, distribution, etc. | 1938 |
| 300 ## - PHYSICAL DESCRIPTION | |
| Pagination | 309 p. : |
| Illustrations | ill. ; |
| Size | 22 cm. |
| 500 ## - GENERAL NOTE | |
| General note | "First edition." |
| 650 #0 - SUBJECT ADDED ENTRY--TOPICAL TERM | |
| Topical term or geographic name as entry element | Retail trade |
| Geographic subdivision | United States |
| 9 (RLIN) | 183115 |
| Topical term or geographic name as entry element | Department stores |
| 9 (RLIN) | 183116 |
| Topical term or geographic name as entry element | Chain stores |
| 9 (RLIN) | 183117 |
| 700 1# - ADDED ENTRY--PERSONAL NAME | |
| Personal name | Gabler, Werner Karl, |
| Dates associated with a name | 1908- |
| Personal name | Brown, Percy Shiras, |
| Dates associated with a name | 1883- |
| 942 ## - ADDED ENTRY ELEMENTS (KOHA) | |
| Source of classification or shelving scheme | Dewey Decimal Classification |
| Koha item type | Books |
| Lost status | Source of classification or shelving scheme | Damaged status | Not for loan | Collection code | Permanent Location | Current Location | Shelving location | Date acquired | Source of acquisition | Cost, normal purchase price | Total Checkouts | Full call number | Date last seen | Copy number | Koha item type |
|---|---|---|---|---|---|---|---|---|---|---|---|---|---|---|---|
| Dewey Decimal Classification | Not For Loan | Non-fiction | Central Library, University of Rajshahi | Central Library, University of Rajshahi | Reading Room | 17/05/1957 | N. Publisher | 5.00 | 658.870973 FIN 1938 | 17/01/2017 | C-1 | Books |